¡Un gran equipo! : el fútbol como metáfora empresarial /

Los autores enaltecen que el fútbol puede ofrecer una metáfora sobre cómo trabajar en equipo en el mundo empresarial. Consideran que en tales ámbitos el plantear un objetivo en común, la comunicación efectiva, la búsqueda de sinergias e integración, así como el conseguir resultados y el disfrutar ju...

وصف كامل

محفوظ في:
التفاصيل البيبلوغرافية
المؤلف الرئيسي: Ortiz, José María (autor)
مؤلفون آخرون: Arraiz, José Ignacio (autor) (autor)
التنسيق: كتاب
اللغة:الإسبانية
منشور في: Madrid, España : Prentice-Hall, 2002, c2002
الموضوعات:
الوسوم: إضافة وسم
لا توجد وسوم, كن أول من يضع وسما على هذه التسجيلة!

MARC

LEADER 00000nam^a2200000^a^4500
001 000581858
005 20250620000000.0
009 20260310132618.771
020 |a 84-205-3318-1 
037 |a Acervo ITESO - Biblioteca 
041 |a ESP 
082 |a 658. 3128  |b ORT 
100 |a Ortiz, José María  |e (autor) 
245 1 4 |a ¡Un gran equipo! :  |b el fútbol como metáfora empresarial /  |c J.M. Ortiz, J.I. Arraiz. 
264 4 |a Madrid, España :  |b Prentice-Hall,  |c 2002, c2002 
300 |a VIII, 159 p. 
336 |a texto  |b txt  |2 rdacontenido 
337 |a sin mediación  |b n  |2 rdamedio 
338 |a volumen  |b nc  |2 rdasoporte 
520 |a Los autores enaltecen que el fútbol puede ofrecer una metáfora sobre cómo trabajar en equipo en el mundo empresarial. Consideran que en tales ámbitos el plantear un objetivo en común, la comunicación efectiva, la búsqueda de sinergias e integración, así como el conseguir resultados y el disfrutar juntos los éxitos son parte del juego. 
649 |a XX 
650 |a Fútbol 
650 |a Trabajo en Equipo -  |x Tema Principal 
650 |a Habilidades Directivas 
650 |a Relaciones Laborales 
650 |a Comunicación Organizacional 
650 |a Cultura Organizacional 
650 |a Proceso Administrativo -  |x Dirección 
650 |a Administración 
650 |a Ciencias Administrativas 
700 |a Arraiz, José Ignacio  |e (autor) 
910 |a Fondo General 
920 |a Impresos - Libros 
930 |a Colección General 
905 |a 101 
901 |a 0500409539  |b IT1  |c ACC  |d DT  |i D131138  |u 20250620 
902 |a https://opac.biblio.iteso.mx/vufind/Record/000581858